The magic of neon /

Bibliographic Details
Main Author: Webb, Michael, 1937-
Format: Book
Language:English
Published: Layton, Utah : G.M. Smith, 1986.
Edition:2nd ed.
Subjects:

MARC

Tag First Indicator Second Indicator Subfields
LEADER 00000cam a2200000 a 4500
001 in00000013507
005 20151007052504.0
008 860403s1986 utua b 00010 eng
010 |a  86006762  
020 |a 087905140X (pbk.) :  |c $14.95 
035 |a (OCoLC)13456392 
035 |9 AAA7997AM 
040 |a DLC  |c DLC  |d m/c  |d TXA  |d UtOrBLW 
049 |a TXAM  |c [A11061969] 
050 0 0 |a TK4383  |b .W4 1986 
082 0 |a 621.32/75  |2 19 
100 1 |a Webb, Michael,  |d 1937- 
245 1 4 |a The magic of neon /  |c Michael Webb. 
250 |a 2nd ed. 
264 1 |a Layton, Utah :  |b G.M. Smith,  |c 1986. 
300 |a viii, 88 pages :  |b color illustrations ;  |c 21 cm. 
336 |a text  |b txt  |2 rdacontent 
337 |a unmediated  |b n  |2 rdamedia 
338 |a volume  |b nc  |2 rdacarrier 
500 |a "A Peregrine Smith book"--Title page verso. 
504 |a Bibliography: page 84. 
650 0 |a Neon lamps. 
650 0 |a Neon tubes. 
999 |a MARS 
999 f f |s 9036a27a-4d88-344a-bf6f-deaf89439c29  |i c198b026-0eb9-3e9e-bdb7-db78c0034982  |t 0 
952 f f |p ric  |a Texas A&M University  |b Rellis Campus  |c Joint Library Facility  |d Remote Storage  |t 0  |e TK4383 .W4 1986  |h Library of Congress classification  |i unmediated -- volume  |m A14811061969 
998 f f |a TK4383 .W4 1986  |t 0  |l Remote Storage